ՀՀ Գիտությունների ազգային ակադեմիայի հիմնարար գիտական գրադարան  =   Fundamental Scientific Library of NAS RA

Հայկական խեցեգործություն : IX-XIII դդ., Դվին, Անի / (Record no. 528678)

MARC details
000 -LEADER
fixed length control field 01370nam a2200301 a 4500
001 - CONTROL NUMBER
control field 001052485
003 - CONTROL NUMBER IDENTIFIER
control field AM-YEHGA
005 - DATE AND TIME OF LATEST TRANSACTION
control field 20250617164724.0
008 - FIXED-LENGTH DATA ELEMENTS--GENERAL INFORMATION
fixed length control field 141219s2014 ai a||||r|||||||||0|arm|d
020 ## - INTERNATIONAL STANDARD BOOK NUMBER
International Standard Book Number 9789939100722
040 ## - CATALOGING SOURCE
Original cataloging agency AM-YeHGA
041 0# - LANGUAGE CODE
Language code of text/sound track or separate title arm
-- eng
090 ## - LOCALLY ASSIGNED LC-TYPE CALL NUMBER (OCLC); LOCAL CALL NUMBER (RLIN)
-- 566933
245 00 - TITLE STATEMENT
Title Հայկական խեցեգործություն : IX-XIII դդ., Դվին, Անի /
Statement of responsibility, etc. Մտահղացումը՝ Ա.Գրիգորյանի ; Ա. Գրիգորյան, Ի. Մկրտչյան ; Անգլ. թարգմ.` Ա. Ֆրունջյան, Խ. Գրիգորյան ; Լուսանկ. Վ. Հակոբյան ; ՀՊԹ.
246 15 - VARYING FORM OF TITLE
Title proper/short title Armenian ceramics : IX-XIII cc., Dvin, Ani
260 ## - PUBLICATION, DISTRIBUTION, ETC.
Place of publication, distribution, etc. Երևան :
Name of publisher, distributor, etc. Տիգրան Մեծ,
Date of publication, distribution, etc. 2014.
300 ## - PHYSICAL DESCRIPTION
Extent 204 էջ :
Other physical details գուն. նկ. ;
Dimensions 30 սմ.
546 ## - LANGUAGE NOTE
Language note Տեքստը՝ զուգ. հայ. և անգլ.
650 14 - SUBJECT ADDED ENTRY--TOPICAL TERM
Topical term or geographic name entry element Խեցեգործություն
Geographic subdivision Հայաստան
650 14 - SUBJECT ADDED ENTRY--TOPICAL TERM
Topical term or geographic name entry element Հնագիտություն
Geographic subdivision Հայաստան
700 1# - ADDED ENTRY--PERSONAL NAME
Personal name Գրիգորյան, Անելկա
Relator term խմբ.
Relationship edt
700 1# - ADDED ENTRY--PERSONAL NAME
Personal name Մկրտչյան, Իվետա
Relator term խմբ.
Relationship edt
700 1# - ADDED ENTRY--PERSONAL NAME
Personal name Ֆրունջյան, Աիդա
Relator term թարգմ.
Relationship trl
700 1# - ADDED ENTRY--PERSONAL NAME
Personal name Գրիգորյան, Խանդութ
Relator term թարգմ.
Relationship trl
700 1# - ADDED ENTRY--PERSONAL NAME
Personal name Հակոբյան, Վռամ
Relator term նկ.
Relationship ill
710 2# - ADDED ENTRY--CORPORATE NAME
Corporate name or jurisdiction name as entry element Հայաստանի պատմության թանգարան
942 ## - ADDED ENTRY ELEMENTS (KOHA)
Source of classification or shelving scheme Universal Decimal Classification
Koha item type Գրքեր / Books
Holdings
Withdrawn status Lost status Source of classification or shelving scheme Damaged status Not for loan Collection Home library Current library Date acquired Total checkouts Full call number Barcode Date last seen Price effective from Koha item type Public note
    Universal Decimal Classification     General Fundamental Scientific Library Fundamental Scientific Library 25/10/2023   AIII/9545 FL0680650 25/10/2023 25/10/2023 Գրքեր / Books Ընթերցասրահ


ՀՀ ԳԱԱ հիմնարար գիտական գրադարան
ՀՀ,Երևան 0019
Մարշալ Բաղրամյան 24/6
հեռախոս:(374-10) 52-47-50
Հետադարձ կապ

All site content, except where otherwise noted, is licensed under a
Creative Commons License